Los indocumentados /

Guardat en:
Dades bibliogràfiques
Autor principal: Marroquín Segura, Martha Elena (autor)
Format: Llibre
Idioma:espanyol
Publicat: México : Claves Latinoamericanas, 1983, c1983
Matèries:
Etiquetes: Afegir etiqueta
Sense etiquetes, Sigues el primer a etiquetar aquest registre!

MARC

LEADER 00000nam^a2200000^a^4500
001 000007660
005 20250521000000.0
009 20260526112930.705
020 |a 968-843-005-6 
037 |a Acervo ITESO - Biblioteca 
041 |a ESP 
082 |a 304. 873072  |b MAR 
100 |a Marroquín Segura, Martha Elena  |e (autor) 
245 1 4 |a Los indocumentados /  |c M.E. Marroquín Segura. 
264 4 |a México :  |b Claves Latinoamericanas,  |c 1983, c1983 
300 |a 59 p. 
336 |a texto  |b txt  |2 rdacontenido 
337 |a sin mediación  |b n  |2 rdamedio 
338 |a volumen  |b nc  |2 rdasoporte 
649 |a XX 
650 |a Trabajadores Indocumentados 
650 |a Migración Ilegal -  |z México-EUA 
650 |a Migración -  |z México-EUA 
650 |a Migración -  |x Aspectos Sociales y Culturales 
650 |a Política Migratoria -  |z EUA 
650 |a Derechos Humanos 
650 |a Derecho Laboral 
650 |a Relaciones Internacionales -  |z México-EUA 
910 |a Fondo General 
920 |a Impresos - Libros 
930 |a Colección General 
905 |a 101 
901 |a 0076600100  |b IT1  |c ACC  |i 007660  |u 20250521 
902 |a https://opac.biblio.iteso.mx/vufind/Record/000007660